| 000 | 00385nam a2200145 a 4500 | ||
|---|---|---|---|
| 001 | 000016765 | ||
| 005 | 20200929164945.0 | ||
| 008 | 100310s1901 dr 000 0 spa d | ||
| 040 |
_aDO-SdBNP _bspa _cBNPHU |
||
| 082 |
_axxx _bL525 |
||
| 245 | 0 | 0 | _aLei jeneral de enseñanza pública. |
| 260 |
_aSanto Domingo : _bCuna de América, _c1901. |
||
| 300 |
_a90 p. ; _c26 cm. |
||
| 049 | _aBNPD | ||
| 999 |
_c16297 _d16297 |
||